Santa Juana : crónica dramática en seis escenas y un epílogo /

Bewaard in:
Bibliografische gegevens
Hoofdauteur: Shaw, Bernard (autor)
Formaat: Boek
Taal:Spaans
Gepubliceerd in: Madrid, España : Aguilar, fecha no identificada
Onderwerpen:
Tags: Voeg label toe
Geen labels, Wees de eerste die dit record labelt!

MARC

LEADER 00000nam^a2200000^a^4500
001 000279046
005 20251007000000.0
009 20260310111424.178
037 |a Acervo Xavier Clavigero 
041 |a ESP 
082 |a 822.  |b SHA 
100 |a Shaw, Bernard  |e (autor) 
240 1 1 |a [Santa Juana] 
245 1 0 |a Santa Juana :  |b crónica dramática en seis escenas y un epílogo /  |c B. Shaw ; tr. por Julio Broutá. 
264 4 |a Madrid, España :  |b Aguilar,  |c fecha no identificada 
300 |a 250 p. 
336 |a texto  |b txt  |2 rdacontenido 
337 |a sin mediación  |b n  |2 rdamedio 
338 |a volumen  |b nc  |2 rdasoporte 
500 |a Traducción de: Saint Joan 
545 0 |a George Bernard Shaw (1856-1950), escritor irlandés, miembro de la Fabian Society, organización socialista fundada en 1883 que pugnaba por reformas sociales. En 1925 obtuvo el Premio Nobel de Literatura y en 1938 el Oscar, por el mejor guión adaptado, de su obra Pigmalión. Entre sus escritos se encuentran novelas, ensayos y dramas, destacando más en este último género al que dedicó gran parte de su vida. Algunas de sus obras son Ensayos fabianos (1889), La quintaesencia del ibsenismo (1891), Casa de viudos (1892), La profesión de la señora Warren (1894), El perfecto wagneriano (1898), César y Cleopatra (1899), Hombre y superhombre (1903), El dilema del doctor (1906), La comandante Bárbara (1905), Pigmalión (1914), Casa del dolor (1920), Regreso a Mathusalen (1921), Santa Juana (1923), El carro de las manzanas (1929), y otros. 
649 |a XX 
650 |a Militares Franceses 
650 |a Mártires Franceses 
650 |a Santos Franceses 
650 |a Mujeres en la Literatura 
650 |a Teatro Irlandés 
650 |a Teatro Histórico 
650 |a Literatura Irlandesa -  |y Siglo XX 
650 |a Literatura en Inglés -  |z Irlanda 
650 |a Literatura e Historia -  |z Francia 
650 |a Religión y Literatura -  |z Francia 
650 |a Guerra de los Cien Años, 1339-1453 -  |x Historia 
650 |a Francia -  |x Historia -  |y Carlos VII, 1422-1461 
650 |a Arco, Juana de,  |c Santa -  |x Tema Principal 
910 |a Fondo General 
920 |a Impresos - Libros 
930 |a Colección General 
940 |a Literatura 
905 |a 101 
901 |a 060954  |b IT1  |c LIT  |d BD  |u 20251007 
902 |a https://opac.biblio.iteso.mx/vufind/Record/000279046